000 00455nam a2200205Ia 4500
003 OSt
005 20260218094856.0
008 210210b xxu||||| |||| 00| 0 eng d
040 _cAL
041 _aeng
082 _a385/17
100 _aGovil K L
_9255503
245 _aPrecis writing Part I
260 _aCawnpore
_b-
300 _aiv,233p
650 _awriting
_9255504
690 _aEnglish Grammar
_9255505
906 _a005489
942 _2ddc
_cBK
999 _c125519
_d125519